| 000 | 01037naa a2200253 c 4500 | ||
|---|---|---|---|
| 001 | 49435 | ||
| 999 |
_c49435 _d49435 |
||
| 003 | ES-MaCES | ||
| 005 | 20170522133825.0 | ||
| 008 | 170522s2016 sp ||||| t||||||| ||spa d | ||
| 040 |
_aES-MaCES _bspa _cES-MaCES _dES-MaCES |
||
| 100 | 1 |
_917072 _aLousada Arochena, José Fernando |
|
| 245 | 1 | 3 |
_aLa integración de la perspectiva de género en la aplicación e interpretación de las normas por la jurisdicción social _cJosé F. Lousada Arochena |
| 650 | 4 |
_928657 _amujeres |
|
| 650 | 4 |
_928413 _atrabajadora |
|
| 650 | 4 |
_927173 _aderechos de la mujer |
|
| 650 | 4 |
_929521 _adiscriminación por razones de sexo |
|
| 650 | 4 |
_927183 _aigualdad de oportunidades |
|
| 650 | 4 |
_927153 _alegislación |
|
| 650 | 4 |
_928624 _ajurisprudencia |
|
| 653 | 1 | 0 | _aMujer |
| 773 | 0 |
_985852 _dAlbacete (Concepción, 12, 2º izda., 02002) Bomarzo 1998- _o088750 _tRevista de derecho social _w(ES-MaCES)25695 _gn. 76 (oct.-dic. 2016) {10693 R. 088750} ;p. 39-58 |
|
| 902 | _aART Artículo de revista | ||
| 942 |
_2CES _cAR _h3.3. |
||